000 00617nam a22001337a 4500
082 _a823
_bKUR/F
100 _aKURZMAN, DAN
245 _aFATAL VOYAGE
_bTHE SINKING OF THE USS INDIANAPOLIS
260 _aCANADA
_bMACMILLAN
_c1990
300 _a331
520 _aDrawn from definitive interviews with key figures, Fatal Voyage recounts the horrific events endured as the number of water-treading survivors dwindled to just 316. Each gruesome day brought more madness and slow death, from explosion-related injuries, dehydration, and, most terrifying of all, shark attacks.
650 _aNOVEL
_zUNITED STATES
942 _cBK
999 _c2426
_d2426